Guidance on landscape/seascape capacity for aquaculture (Record no. 109642)

MARC details
000 -LEADER
fixed length control field 02130cad a22002415a 4500
001 - CONTROL NUMBER
control field E147600
008 - FIXED-LENGTH DATA ELEMENTS--GENERAL INFORMATION
fixed length control field 090528s2008 xxk f 000 0 eng d
020 ## - INTERNATIONAL STANDARD BOOK NUMBER
International Standard Book Number 9781853975448
035 ## - SYSTEM CONTROL NUMBER
System control number (Sirsi) u147600
041 0# - LANGUAGE CODE
Language code of text/sound track or separate title eng
050 04 - LIBRARY OF CONGRESS CALL NUMBER
Classification number 639.8 $2 20
110 2# - MAIN ENTRY--CORPORATE NAME
Corporate name or jurisdiction name as entry element Scottish Natural Heritage
9 (RLIN) 2794
245 00 - TITLE STATEMENT
Title Guidance on landscape/seascape capacity for aquaculture
Medium [electronic resource]
260 ## - PUBLICATION, DISTRIBUTION, ETC.
Place of publication, distribution, etc. Redgorton
Name of publisher, distributor, etc. SNH
Date of publication, distribution, etc. 2008
505 2# - FORMATTED CONTENTS NOTE
Formatted contents note Introduction: background; scope; audience; introducing capacity assessment; summary of approach -- Preparing the brief: choosing the area for study; allocating a timescale; identifying an appropriate map scale for site work and presentation; development scenarios -- Undertaking the assessment: stage 1, initial site visit and identifying Coastal Character Areas; stage 2, undertaking detailed site survey; stage 3, identifying opportunities and constraints; stage 4, undertaking the sensitivity assessment; stage 5, presenting conclusions -- Assessing cumulative effects: cumulative effects identified within the Coastal Character Areas; cumulative effects within the whole study area -- Using the capacity assessment and future monitoring -- Appendix one: detailed explanation of topics assessed on site: maritime influences; physical character of coastal edge; landscape character of the immediate hinterland; judgements and values associated with seascape character; wildness; visual assessment -- Appendix two: sample capacity assessment for a Coastal Character Area; Outer Loch Etive -- Appendix three: glossary -- Appendix four: bibliography
520 ## - SUMMARY, ETC.
Summary, etc. Drawn up to fulfil a commitment in the Strategic Framework for Scottish Aquaculture, this publication offers guidance on assessing the character and visual qualities of coastal areas and seascapes to determine the best areas for siting of fish farms.
521 ## - TARGET AUDIENCE NOTE
Target audience note Advanced
590 ## - LOCAL NOTE (RLIN)
Local note KA
651 #4 - SUBJECT ADDED ENTRY--GEOGRAPHIC NAME
Geographic name Scotland
Chronological subdivision 1999-
690 ## - LOCAL SUBJECT ADDED ENTRY--TOPICAL TERM (OCLC, RLIN)
Topical term or geographic name as entry element PROPERTY-RURAL AND NATURAL ASSETS-WATER RESOURCES
856 40 - ELECTRONIC LOCATION AND ACCESS
Uniform Resource Identifier <a href="https://www.snh.org.uk/pubs/detail.asp?id=976">https://www.snh.org.uk/pubs/detail.asp?id=976</a>
Public note View the guidance free of charge at www.snh.org.uk...
942 ## - ADDED ENTRY ELEMENTS (KOHA)
Suppress in OPAC 0
Holdings
Withdrawn status Lost status Source of classification or shelving scheme Damaged status Not for loan Home library Current library Shelving location Date acquired Total Checkouts Full call number Barcode Date last seen Copy number Price effective from Koha item type
    Dewey Decimal Classification     Virtual Virtual Online 28/05/2009   ONLINE PUBLICATION 147600-2001 06/08/2019 1 06/08/2019 Book